| 000 | 01303cam a22003018i 4500 | ||
|---|---|---|---|
| 999 |
_c14249 _d14249 |
||
| 003 | OSt | ||
| 005 | 20260305154244.0 | ||
| 008 | 170118s2017 nyu b 000 0 eng | ||
| 020 |
_a9781580934886 _qhardback |
||
| 042 | _apcc | ||
| 043 | _ae-gr--- | ||
| 050 | 0 | 0 |
_aNA6811.5.G8 _bN49 2017 |
| 082 | 0 | 0 |
_a720.1/03 _223 |
| 084 |
_aARC011000 _aARC001000 _aARC005080 _2bisacsh |
||
| 100 | 1 |
_aNewhouse, Victoria, _eauthor. |
|
| 245 | 1 | 0 |
_aChaos and culture : _bRenzo Piano Building Workshop and the Stavros Niarchos Foundation Cultural Center in Athens / _cVictoria Newhouse. |
| 300 |
_a272 pages ; _c28 cm |
||
| 504 | _aIncludes bibliographical references. | ||
| 520 | _a"A history of the design and construction of the Niarchos Foundation Cultural Center in Athens set against the background of the economic and political crisis in Greece"-- | ||
| 610 | 2 | 0 | _aStavros Niarchos Foundation Cultural Center. |
| 610 | 2 | 0 | _aRenzo Piano Building Workshop. |
| 650 | 0 |
_aArchitecture and society _zGreece _xHistory _y21st century. |
|
| 650 | 7 |
_aARCHITECTURE / Buildings / Public, Commercial & Industrial. _2bisacsh |
|
| 650 | 7 |
_aARCHITECTURE / Criticism. _2bisacsh |
|
| 650 | 7 |
_aARCHITECTURE / History / Contemporary (1945-). _2bisacsh |
|
| 651 | 0 |
_aAthens (Greece) _xBuildings, structures, etc. |
|
| 942 | _2ddc | ||